Loading...
| History - European | 0 | 8 | 0 | 1 | 80 | 46 | 76.00 | 6 | 8 | 0.00 | 0.00 |
| History - American | 0 | 7 | 1 | 0 | 65 | 35 | 59.57 | 4 | 7 | 0.00 | 0.00 |
| History - Other | 0 | 3 | 0 | 0 | 30 | 39 | 62.33 | 1 | 3 | 0.00 | 0.00 |
| History - World | 0 | 4 | 2 | 1 | 30 | 70 | 96.25 | 1 | 2 | 0.00 | 0.00 |
| Mythology | 0 | 3 | 0 | 1 | 30 | 45 | 82.67 | 0 | 3 | 0.00 | 0.00 |
| Science - Chemistry | 0 | 4 | 2 | 0 | 30 | 54 | 64.75 | 4 | 4 | 0.00 | 0.00 |
| Fine Arts - Painting and Sculpture | 0 | 2 | 0 | 0 | 20 | 70 | 97.50 | 0 | 1 | 0.00 | 0.00 |
| Religion | 0 | 2 | 1 | 0 | 15 | 47 | 71.00 | 2 | 2 | 0.00 | 0.00 |
| Social Science | 0 | 1 | 0 | 0 | 10 | 75 | 75.00 | 0 | 0 | 0.00 | 0.00 |
| Geography | 0 | 1 | 0 | 0 | 10 | 54 | 54.00 | 1 | 1 | 0.00 | 0.00 |
| Literature - American | 0 | 1 | 0 | 0 | 10 | 99 | 99.00 | 1 | 1 | 0.00 | 0.00 |
| Philosophy | 0 | 1 | 1 | 0 | 5 | 104 | 104.00 | 0 | 1 | 0.00 | 0.00 |
| Science - Other | 0 | 0 | 1 | 0 | -5 | 0.00 | 0 | 0 | 0.00 | 0.00 |